000 00491nam a2200181Ia 4500
003 GCL
005 20240530100618.0
008 140319s9999 xx 000 0 eng d
040 _aGCL /
_cGCL
082 0 4 _a214
_bB M
100 1 _aBAMMATE , HAIDAR
245 1 0 _a \MUSLIM CONTRIBUTION TO CIVILIZATION
_bBAMMATE , HAIDAR
260 _a[S.N] :
_bMacmillan Publishing Company ،
_c1976
300 _a441 P
650 0 4 _aحوادث المرور
650 0 4 _aCIVILIZATION
942 _2ddc
_cBK
999 _c18899
_d18899